| 000 | 00338nam a2200133Ia 4500 | ||
|---|---|---|---|
| 008 | 191201s2019 xx 000 0 und d | ||
| 100 | _aPANDA, H | ||
| 245 | 0 | _aModern Technology of Textile Dyes & Pigments | |
| 250 | _a1st | ||
| 260 |
_aN.Delhi _bNasonal Institute of Industry |
||
| 300 | _a740 | ||
| 650 | _aB.Tech(TE) | ||
| 942 |
_2ddc _cBK |
||
| 999 |
_c2576 _d2576 |
||